000
00343 a2200121 4500
001
ART_2324
005
20260410161725.0
008
260409a
245
1
0
_a
Toffler 1985
100
1
_a
Serra, Roberto
700
1
_a
Hermida, Jorge Alfredo
773
0
_t
Administración de empresas
_g
- Año XVI, Nº 186 (sep. 1985)
_w
REV2036
999
_c
17293
_d
17293